• 首页
  • 本馆介绍
  • 公告通知
  • 最新文献
  • 馆藏检索
  • 电子资源
  • 读者导购
  • 参考咨询
  • 我的图书馆
  • 登录
  • 详细信息显示
  • 放入我的书架
  • 预约/预借图书
  • 作者相关作品
  • 分类相关作品
  • 丛书相关作品
  • 出版社相关作品

书目信息

  • 表格格式
  • 工作单格式
  • 卡片格式
题名:
雍正朝汉文朱批奏折汇编
    
 
作者: 中国第一历史档案馆 编
分册: 1  
出版信息: 南京   江苏古籍出版社  1989.8
页数: 961页
开本: 26cm
丛书名:
单 册:
中图分类: K206.5
科图分类:
主题词: 中国--通史
电子资源:
ISBN: 7-80519-138-7
000 00668nam0 2200205 45
001 0312221749
005 20060912084603.54
010    @a7-80519-138-7@b精装@dCNY155.00
100    @a20031222d1989 km y0chiy0120 ea
101    @achi
102    @aCN@b320000
200 1  @a雍正朝汉文朱批奏折汇编@AYong Zheng Chao Han Wen Zhu Pi Zou Zhe Hui Bian@h1@f中国第一历史档案馆编@FZhong Guo Di Yi Li Shi Dang An Guan Bian
210    @a南京@c江苏古籍出版社@d1989.8
210    @a南京@c江苏古籍出版社
215    @a961页@c肖像及照片@d26cm
606 0  @a中国@x通史
690    @aK206.5@v3
701 0  @a中国第一历史档案馆@4编
801    @aCN@bTSTCL@c20060912
905    @a213230@dK206.5@e40:1
    
    雍正朝汉文朱批奏折汇编.1/中国第一历史档案馆编.-南京:江苏古籍出版社,1989.8.-南京:江苏古籍出版社
    961页:肖像及照片;26cm
    
    
    ISBN 7-80519-138-7(精装):CNY155.00
    
●
相关链接 在E读中查询图书 在五车中查询图书 在当当中查询图书 在豆瓣中查询图书


正题名:雍正朝汉文朱批奏折汇编     索取号:K206.5/40:1         预约/预借

序号 登录号 条形码 馆藏地/架位号 状态 备注
1 0234495   000808950   古籍典藏专区/ [索取号:K206.5/40:1] 在馆    
唐山师范学院图书馆 欢迎您!
大连网信软件有限公司© 版权所有